Herbs - Statistics

General Stats
  • This quiz has been taken 123 times
    97 since last reset
  • The average score is 8 of 14
Answer Stats
Picture Answer % Correct
Mint
96%
Basil
93%
Rosemary
87%
Dill
76%
Thyme
76%
Chive
73%
Sage
70%
Coriander
59%
Oregano
59%
Bay
51%
Tarragon
43%
Marjoram
14%
Flat leaved parsley
3%
Curley leaved parsley
0%
No matching quizzes found
Score Distribution
Percent of People with Each Score
Percentile by Number Answered
Your Score History
You have not taken this quiz since the last reset